Physical Chemistry

Bibliographic Details
Main Author: Alberty, Robert A.
Format: Section = Libro
Language:Undetermined
Spanish
Published: United States John Wiley & Sons 1979
Edition:5a.ed.
Subjects:
LEADER 00508nam a2200205Ia 4500
008 240830s9999 xx 000 0 und d
020 |a 0-47104749-X 
040 |a CEDOC FIQ-RUSB / 539 A333 
041 |a spa 
082 |a 539 A333 
100 1 |a Alberty, Robert A. 
245 1 0 |a Physical Chemistry 
250 |a 5a.ed. 
260 |a United States  |b John Wiley & Sons  |c 1979 
300 |a 325 p.: il. 
650 7 |a FISICOQUIMICA 
650 7 |b  MECÁNICA CUÁNTICA 
942 |c BK  |2 ddc 
991 |a TEXTO 
999 |c 13392